20 Biggest Cities in NATO - Statistics

General Stats
  • This quiz has been taken 74 times
    45 since last reset
  • The average score is 14 of 20
Answer Stats
Population Urban Area % Correct
14,800,000 London
98%
21,800,000 New York City
98%
11,400,000 Paris
98%
17,600,000 Los Angeles
93%
9,650,000 Chicago
83%
7,650,000 Toronto
83%
16,200,000 Istanbul
78%
6,700,000 Madrid
78%
4,880,000 Barcelona
73%
7,750,000 San Francisco
70%
7,300,000 Dallas
68%
6,800,000 Houston
68%
8,550,000 Washington D.C. / Baltimore
68%
6,150,000 Milan
63%
5,150,000 Ankara
58%
7,700,000 Boston
58%
6,350,000 Miami
58%
7,350,000 Philadelphia
55%
5,900,000 Atlanta
48%
5,750,000 Detroit
43%
No matching quizzes found
Score Distribution
Percent of People with Each Score
Percentile by Number Answered
Your Score History
You have not taken this quiz since the last reset